| 000 | 03384cam a22012494i 4500 | ||
|---|---|---|---|
| 003 | PE-LiUPU | ||
| 005 | 20250813185346.0 | ||
| 008 | 150617s r 000 0 d | ||
| 020 | _a8425410940 | ||
| 035 | _a(Sirsi) i9788425410949 | ||
| 040 |
_aPE-LiUPU _bspa _cPE-LiUPU _erda |
||
| 049 | _aPRUA | ||
| 082 | 0 | 4 |
_a372.44 _bH36 _221 |
| 100 | 1 |
_aHeinemann, Peter, _eautor. |
|
| 245 | 1 | 0 |
_aPedagogía de la comunicación no verbal / _cPeter Heinemann. |
| 264 | 1 |
_aBarcelona : _bHerder, _c1980. |
|
| 300 |
_a174 páginas ; _c20 centímetros |
||
| 336 |
_atext _2rdacontent |
||
| 337 |
_aunmediated _2rdamedia |
||
| 338 |
_avolume _2rdacarrier |
||
| 490 | 0 |
_aProblemas de Pedagogía ; _v18 |
|
| 504 | _aIncluye bibliografía. | ||
| 505 | 0 | _aComunicación humana. -Comunicación no verbal. -La comunicación en la enseñanza desde el ángulo específico de sus aspectos no verbales y consecuencias para la conducta del profesor. -Posibilidades de ejercitación de la conducta con miras a los aspectos no verbales del comportamiento docente. -Comunicación y didáctica. | |
| 526 | _aP202 | ||
| 526 | _aP201 | ||
| 526 | _aP163 | ||
| 526 | _aP162 | ||
| 526 | _aP161 | ||
| 526 | _aP160 | ||
| 526 | _aP148 | ||
| 526 | _aP147 | ||
| 526 | _aP146 | ||
| 526 | _aP145 | ||
| 526 | _aP144 | ||
| 526 | _aP143 | ||
| 526 | _aP142 | ||
| 526 | _aP141 | ||
| 526 | _aP140 | ||
| 526 | _aP139 | ||
| 526 | _aP138 | ||
| 526 | _aP137 | ||
| 526 | _aP136 | ||
| 526 | _aP135 | ||
| 526 | _aP134 | ||
| 526 | _aP133 | ||
| 526 | _aP129 | ||
| 526 | _aP128 | ||
| 526 | _aP127 | ||
| 526 | _aP120 | ||
| 526 | _aP119 | ||
| 526 | _aP118 | ||
| 526 | _aP116 | ||
| 526 | _aP115 | ||
| 526 | _aP114 | ||
| 526 | _aP110 | ||
| 526 | _aP109 | ||
| 526 | _aP108 | ||
| 526 | _aP104 | ||
| 526 | _aP103 | ||
| 526 | _aP102 | ||
| 526 | _aP99 | ||
| 526 | _aP98 | ||
| 526 | _aP97 | ||
| 526 | _aP96 | ||
| 526 | _aP95 | ||
| 526 | _aP93 | ||
| 526 | _aP90 | ||
| 526 | _aP89 | ||
| 526 | _aP88 | ||
| 526 | _aP83 | ||
| 526 | _aP82 | ||
| 526 | _aP62 | ||
| 526 | _aP59 | ||
| 526 | _aP58 | ||
| 526 | _aP57 | ||
| 526 | _aP51 | ||
| 526 | _aP49 | ||
| 526 | _aP48 | ||
| 526 | _aP47 | ||
| 526 | _aP29 | ||
| 526 | _aP24 | ||
| 526 | _aP20 | ||
| 526 | _aP19 | ||
| 526 | _aP17 | ||
| 526 | _aP15 | ||
| 526 | _aP14 | ||
| 526 | _aP12 | ||
| 526 | _aP10 | ||
| 526 | _aP09 | ||
| 526 | _aP08 | ||
| 526 | _aP07 | ||
| 526 | _aP06 | ||
| 526 | _aP05 | ||
| 526 | _aP04 | ||
| 526 | _aP01 | ||
| 650 | 0 | 4 |
_aComunicación no verbal _xDidáctica. |
| 910 |
_ajck _bjvq _cjck _d20150616 |
||
| 942 |
_2ddc _cBOOK |
||
| 949 |
_a372.44 H36 _wDEWEY _c1 _i24066 _lCCODEBUL1 _mBUL _r0 _sY _tBOOK _u2015-6-17 _xEDUCACION _zUNKNOWN _0COMPRA _o.STAFF. Colección General |
||
| 949 |
_a372.44 H36 _wDEWEY _c2 _i20809 _lCCODEBUL1 _mBUL _r0 _sY _tBOOK _u2015-6-17 _xEDUCACION _zUNKNOWN _0COMPRA _o.STAFF. Colección General |
||
| 994 |
_aC0 _bPEPRU |
||
| 596 | _a1 | ||
| 999 |
_a372.44 H36 _wDEWEY _c17024 _i24066 _f2021-11-8 _g5 _lCCODEBUL1 _mBUL _r0 _sN _tBOOK _u2015-6-17 _xEDUCACION _zUNKNOWN _0COMPRA _o.STAFF. Colección General _d17024 |
||
| 999 |
_a372.44 H36 _wDEWEY _c2 _i20809 _f2019-12-10 _g4 _lDISCARD _mBUL _r1 _sN _tBOOK _u2015-6-17 _xEDUCACION _zUNKNOWN _0COMPRA _o.STAFF. Colección General |
||
| 980 |
_81 _gALBERTO SANCHEZ Responsable de Automatización |
||